EFFEKTIVE VERARBEITUNG VON FACHTEXTEN

Bibliographic Details
Main Author: Solenská, Ľudmila (Author)
Format: Article
Language:German
ISBN:8022714135

MARC

LEADER 00000naa a2200000uu 4500
001 vtls010936648
003 SK-MaSNL
005 20260302115912.0
008 210902|2000 xo |||||||||||||||||ger|
015 |a SNBRA 
035 |a (urnnbn)urn:nbn:sk:snk:ar-a0b8ao 
035 |a (uuid)80793641-3bdf-488c-a956-7bc63b2bc5df 
035 |a urn:nbn:sk:snk-aau0ng 
040 |a SNKBUCL  |b slo  |c SNKBUCL  |e AACR2 
041 0 |a ger 
044 |a xo  |c SK 
100 1 |a Solenská, Ľudmila  |4 aut  |9 786639 
245 1 0 |a EFFEKTIVE VERARBEITUNG VON FACHTEXTEN  |c Ľudmila Solenská 
773 0 |t CO-MAT-TECH 2000  |d Bratislava : Slovenská technická univerzita, 2000  |g S. 175-177  |z 8022714135 
958 |a OND 
958 |a article11 
958 |a chapter 
999 |c 1266988  |d 1268918